| 000 | 00824cam a2200241 a 4500 | ||
|---|---|---|---|
| 001 | 000008275 | ||
| 005 | 20200929161324.0 | ||
| 008 | 910315s1994 sp r 001 f spa | ||
| 020 | _a8408001167 | ||
| 040 |
_aDO-SdBNP _bspa _cBNPHU |
||
| 082 |
_a863.64 _bS211c, 1994 |
||
| 100 | 1 |
_aSánchez Dragó, Fernando, _d1936- _922410 |
|
| 245 | 1 | 3 |
_aEl camino del corazón / _cFernando Sánchez Dragó. |
| 246 | 1 | 3 | _aEl camino del corazón: un largo viaje a Oriente en busca de la sabiduría y la felicidad. |
| 250 | _a3a ed. | ||
| 260 |
_aBarcelona, (España) : _bPlaneta, _c1994. |
||
| 300 |
_a279 p. ; _c21 cm. |
||
| 490 | 1 |
_aPlaneta bolsillo _v392 |
|
| 586 | _aFinalista premio planeta, 1990. | ||
| 650 | 4 |
_aNovela española _91123 |
|
| 650 | 4 |
_aLiteratura española _ySIGLO XX _93326 |
|
| 830 | 0 |
_aPlaneta bolsillo _n392 _922411 |
|
| 999 |
_c8046 _d8046 |
||